| 000 | 03290caa0 2200589 iw4500 | ||
|---|---|---|---|
| 001 | BY-BR0002-br2025399268 | ||
| 005 | 20251021161749.0 | ||
| 035 | ^a(BY-BR0000)BY-BR0002-br2025399268 | ||
| 035 | ^a(BY-BR0002)BY-BR0002-br2025399268 | ||
| 100 | ^a20250729j20250531u y0bely50 ca | ||
| 101 | 0 | ^abel | |
| 102 | ^aBY | ||
| 105 | ^aa z 000yy | ||
| 109 | ^azz | ||
| 200 | 1 |
^aМайстар з народу ^fНаталля Пракаповіч |
|
| 330 | ^aЛюдміла Яроцкая з в. Смаляніца Пружанскага раёна атрымала пасведчанне Народнага майстра Рэспублікі Беларусь. | ||
| 463 | 1 |
^12001 ^aРаённыя будні ^v31 мая (№ 42). — С. 10 : фат. ^1210 ^aПружаны ^d2025 |
|
| 600 | 1 |
^aЯроцкая ^bЛ. М. ^gЛюдміла Міхайлаўна |
|
| 600 | 1 |
^aЯроцкая ^bЛ. М. ^gЛюдмила Михайловна |
|
| 606 |
^aДЕКОРАТИВНО-ПРИКЛАДНОЕ ИСКУССТВО ^3BY-NLB-ar8765 ^2DVNLB |
||
| 606 |
^aДЭКАРАТЫЎНА-ПРЫКЛАДНОЕ МАСТАЦТВА ^3BY-NLB-ar8766 ^2DVNLB |
||
| 606 |
^aМАСТЕРА ДЕКОРАТИВНО-ПРИКЛАДНОГО ИСКУССТВА ^3BY-NLB-ar2110051 ^2DVNLB |
||
| 606 |
^aМАСТЕРА ДЕКОРАТИВНО-ПРИКЛАДНОГО ИСКУССТВА ^3BY-NLB-ar2110051 ^2DVNLB |
||
| 606 |
^aХУДОЖЕСТВЕННОЕ ТКАЧЕСТВО ^3BY-NLB-ar7755885 ^2DVNLB |
||
| 606 |
^aМАСТАЦКАЕ ТКАЦТВА ^3BY-NLB-ar7755886 ^2DVNLB |
||
| 606 |
^aНАРОДНЫЕ ХУДОЖЕСТВЕННЫЕ ПРОМЫСЛЫ ^3BY-NLB-ar19674 ^2DVNLB |
||
| 606 |
^aНАРОДНЫЯ МАСТАЦКІЯ ПРОМЫСЛЫ ^3BY-NLB-ar19675 ^2DVNLB |
||
| 606 |
^aВЫШЫЎКА КРЫЖАМ ^3BY-NLB-ar4456245 ^2DVNLB |
||
| 606 |
^aВЫШИВКА КРЕСТОМ ^3BY-NLB-ar4456244 ^2DVNLB |
||
| 606 |
^aВЫШЫЎКА ГЛАДДЗЮ ^3BY-NLB-ar2816706 ^2DVNLB |
||
| 606 |
^aВЫШИВКА ГЛАДЬЮ ^3BY-NLB-ar2816705 ^2DVNLB |
||
| 606 |
^aВЫШИВАНИЕ ^3BY-NLB-ar2342516 ^2DVNLB |
||
| 606 |
^aВЫШЫВАННЕ ^3BY-NLB-ar2342517 ^2DVNLB |
||
| 607 |
^aБрэсцкая вобласць ^3BY-NLB-ar4498 ^2BY-auth |
||
| 607 |
^aБрестская область ^3BY-NLB-ar4497 ^2BY-auth |
||
| 607 |
^aПружанский район (Брестская область) ^3BY-NLB-ar2169414 ^2BY-auth |
||
| 607 |
^aПружанскі раён (Брэсцкая вобласць) ^3BY-NLB-ar2169415 ^2BY-auth |
||
| 607 | ^aСмоляница, деревня (Пружанский район) | ||
| 607 | ^aСмаляніца, вёска (Пружанскі раён) | ||
| 615 |
^aБелорусский национальный документ ^3BY-SEK-ar1826174 |
||
| 686 |
^aМ74 ^2rubbk |
||
| 686 |
^a85.12 ^2rubbk |
||
| 690 |
^a74 ^2LR12 ^9BY-BR0000 ^b21.10.2025 ^3LKEY190 |
||
| 690 |
^a7 ^xRSEK ^2Base ^9BY-BR0000 |
||
| 700 | 1 |
^aПракаповіч ^bН. С. ^gНаталля Сяргееўна ^cкраязнавец ^3BY-SEK-ar13306837 |
|
| 801 | 0 |
^aBY ^bBY-BR0002 ^c20250729 ^gRCR |
|
| 801 | 2 |
^aBY ^bBY-BR0000 ^c20251021 ^gRCR |
|
| 899 | 0 | ^aBY-BR0000 | |